00569nam a2200193Ia 450000500170000000800410001702000150005808200210007310000190009424500370011326000420015030000240019265000130021665000160022965000120024594200060025795200970026399900150036020250120012126.0240331s9999 xx 000 0 und d a0195639154 bVIS22298a305.3 aVisweswaran, K 0aFictions of Feminist Ethnography aDelhibOxford University Press c1996 axii, 205 p., (C II) aFeminism aEthnography aFIction cL 001040708LaWERCLbWERCLcSSCd2024-03-31l0o 305.3 VISp2298r2024-03-31w2024-03-31yL c1615d1615